[Event "DEM U18 2008"]
[Site "Willingen GER"]
[Date "2008.05.14"]
[Round "6"]
[White "Beck, Frederik"]
[Black "Glantz, Robert"]
[Result "1-0"]
[Termination "normal"]
[Board "7"]
[WhiteTitle "FM"]
[WhiteElo "2315"]
[BlackElo "2101"]
[PlyCount "155"]
[WhiteFideId "4687388"]
[BlackFideId "24629596"]
[EventCountry "GER"]
[EventRounds "9"]
[EventType "swiss"]
[EventDate "2008.05.10"]

1. e4 c5 2. Nf3 d6 3. d4 cxd4 4. Nxd4 Nf6 5. Nc3 a6 6. g3 g6 7. Bg2 Bg7 8. O-O
O-O 9. a4 Nbd7 10. Re1 e6 11. Qd2 Ne5 12. b3 Qc7 13. Ba3 Rd8 14. Rad1 Ne8 15.
f4 Nc6 16. Nxc6 bxc6 17. e5 Bb7 18. exd6 Nxd6 19. Bxd6 Bxc3 20. Bxc7 Rxd2 21.
Rxd2 Bxd2 22. Rd1 Be3+ 23. Kf1 Kf8 24. a5 Ke8 25. Ke2 Bc5 26. Kd3 Rc8 27. Kc4
Ba7 28. Bb6 Bb8 29. b4 Ke7 30. Bc5+ Ke8 31. Bb6 Ke7 32. Rd3 Ke8 33. Rd2 Ke7 34.
Bd4 Ba8 35. Be5 Ba7 36. g4 f6 37. Bd6+ Ke8 38. g5 fxg5 39. fxg5 Rd8 40. Rd3 Bb7
41. Kb3 Bg1 42. Bf3 Ba7 43. h4 Kf7 44. h5 gxh5 45. Bxh5+ Kg8 46. Bg4 Bc8 47.
Bf3 Bb7 48. Be4 Rd7 49. Kc4 Rd8 50. Bg2 Bg1 51. Be4 Ba7 52. Kc3 Rd7 53. Kd2 Bf2
54. Ke2 Bh4 55. Bf4 Rxd3 56. Kxd3 Bf2 57. c4 Be1 58. Bd2 Bg3 59. b5 Bc7 60.
bxc6 Bc8 61. Kd4 Kg7 62. Bc3 Kh8 63. Kc5+ Kg8 64. Bd2 Kg7 65. Be1 Kh8 66. Kb4
Bd6+ 67. c5 Bc7 68. Bc3+ Kg8 69. Kc4 Bb8 70. Kd3 Bc7 71. Ke3 Bb8 72. Kf3 Bc7
73. Kg4 Bb8 74. Kh5 Bf4 75. Kh6 Be3 76. Bxh7+ Kf8 77. Be4 Bxc5 78. Kh7 1-0

[Event "DEM U18 2008"]
[Site "Willingen GER"]
[Date "2008.05.14"]
[Round "6"]
[White "Sergin, Mark"]
[Black "Müller, Reinhold"]
[Result "1/2-1/2"]
[Termination "normal"]
[Board "8"]
[WhiteElo "2186"]
[BlackElo "2172"]
[PlyCount "94"]
[WhiteFideId "24615307"]
[BlackFideId "24605875"]
[EventCountry "GER"]
[EventRounds "9"]
[EventType "swiss"]
[EventDate "2008.05.10"]

1. e4 c5 2. Nf3 d6 3. d4 cxd4 4. Nxd4 Nf6 5. Nc3 g6 6. Be3 Bg7 7. f3 O-O 8. Qd2
Nc6 9. O-O-O d5 10. exd5 Nxd5 11. Nxc6 bxc6 12. Bd4 Nxc3 13. Qxc3 Bh6+ 14. Be3
Bxe3+ 15. Qxe3 Qb6 16. Qc3 Be6 17. Bc4 Bxc4 18. Qxc4 Rfd8 19. Qe4 Qc5 20. Rd3
Rxd3 21. Qxd3 Qa5 22. a3 Rb8 23. Rd1 Qe5 24. Qd4 Qb5 25. a4 Qa5 26. b3 c5 27.
Qe5 Qb4 28. Qxe7 Qc3 29. Rd8+ Rxd8 30. Qxd8+ Kg7 31. Qd5 h5 32. Kd1 Qe3 33. f4
Qxf4 34. Qxc5 Qf1+ 35. Kd2 Qxg2+ 36. Kc3 Qxh2 37. Qxa7 Qg3+ 38. Kb4 Qf4+ 39. c4
h4 40. Qd7 Qf5 41. Qxf5 gxf5 42. c5 h3 43. c6 h2 44. c7 h1=Q 45. c8=Q Qh4+ 46.
Qc4 f4 47. a5 Qf6 1/2-1/2

[Event "DEM U18 2008"]
[Site "Willingen GER"]
[Date "2008.05.14"]
[Round "6"]
[White "Schlötzer, Waldemar"]
[Black "Heyder, Florian"]
[Result "1-0"]
[Termination "normal"]
[Board "9"]
[WhiteElo "2268"]
[BlackElo "2067"]
[PlyCount "115"]
[WhiteFideId "24602140"]
[EventCountry "GER"]
[EventRounds "9"]
[EventType "swiss"]
[EventDate "2008.05.10"]

1. d4 Nf6 2. c4 e6 3. Nc3 Bb4 4. Qb3 c5 5. dxc5 Nc6 6. Nf3 Ne4 7. Bd2 Nxd2 8.
Nxd2 Bxc5 9. e3 O-O 10. Be2 b6 11. O-O Bb7 12. a3 f5 13. Nf3 Qf6 14. Rad1 Rad8
15. Qc2 Ne5 16. b4 Nxf3+ 17. Bxf3 Bxf3 18. gxf3 Qg6+ 19. Kh1 Qh5 20. Qe2 Be7
21. f4 Qh3 22. Rg1 Bh4 23. Rd3 Be7 24. Rg3 Qh4 25. Qd1 Qf6 26. Nb5 a6 27. Nd6
Rb8 28. Rg1 e5 29. fxe5 Qxe5 30. Rd5 Qe6 31. Qd3 f4 32. e4 Kh8 33. Nf5 Bf6 34.
Rd6 Qe5 35. Rxd7 Rbd8 36. Rd5 Qb2 37. Nd6 Rd7 38. f3 g6 39. Re1 Bc3 40. Re2
Qxa3 41. b5 a5 42. e5 Bb4 43. Qxa3 Bxa3 44. Ne4 Rc7 45. e6 Be7 46. c5 bxc5 47.
b6 Rc6 48. Rb2 Rxe6 49. b7 Rb8 50. Nxc5 Bxc5 51. Rxc5 Ree8 52. Rc7 Kg8 53. Ra2
Re5 54. Rc8+ Re8 55. Rxe8+ Rxe8 56. Rxa5 Kg7 57. Ra8 Re1+ 58. Kg2 1-0

[Event "DEM U18 2008"]
[Site "Willingen GER"]
[Date "2008.05.14"]
[Round "6"]
[White "Wagner, Florian"]
[Black "Poetsch, Hagen"]
[Result "1/2-1/2"]
[Termination "normal"]
[Board "10"]
[WhiteElo "2183"]
[BlackElo "2267"]
[PlyCount "44"]
[WhiteFideId "4698118"]
[BlackFideId "24615137"]
[EventCountry "GER"]
[EventRounds "9"]
[EventType "swiss"]
[EventDate "2008.05.10"]

1. d4 Nf6 2. Nf3 e6 3. Bg5 c5 4. e3 b6 5. Nbd2 Bb7 6. Bd3 h6 7. Bxf6 Qxf6 8. c3
Qd8 9. O-O d6 10. Qe2 Nd7 11. a4 a6 12. e4 Be7 13. e5 dxe5 14. dxe5 Qc7 15.
Rfe1 O-O 16. Rad1 Rfd8 17. h4 Bc6 18. b3 Qb7 19. Nc4 Bd5 20. Ncd2 Bc6 21. Nc4
Bd5 22. Ncd2 Bc6 1/2-1/2

[Event "DEM U18 2008"]
[Site "Willingen GER"]
[Date "2008.05.14"]
[Round "6"]
[White "Denisow, Jewgeny"]
[Black "Farmani Anosheh, Armin"]
[Result "1/2-1/2"]
[Termination "normal"]
[Board "11"]
[WhiteElo "2076"]
[BlackElo "2168"]
[PlyCount "37"]
[WhiteFideId "24631116"]
[BlackFideId "24613240"]
[EventCountry "GER"]
[EventRounds "9"]
[EventType "swiss"]
[EventDate "2008.05.10"]

1. e4 c5 2. c3 Nf6 3. e5 Nd5 4. d4 cxd4 5. cxd4 b6 6. Nc3 Nxc3 7. bxc3 Qc7 8.
Bd2 Bb7 9. Nf3 e6 10. Bd3 d6 11. O-O Nd7 12. exd6 Bxd6 13. h3 O-O 14. Re1 Rad8
15. Kh1 e5 16. dxe5 Nxe5 17. Bxh7+ Kxh7 18. Ng5+ Kg6 19. f4 1/2-1/2

[Event "DEM U18 2008"]
[Site "Willingen GER"]
[Date "2008.05.14"]
[Round "6"]
[White "Holgert, Michael"]
[Black "Daug, Jörn-Henning"]
[Result "0-1"]
[Termination "normal"]
[Board "12"]
[WhiteElo "2004"]
[BlackElo "1734"]
[PlyCount "64"]
[WhiteFideId "24668990"]
[BlackFideId "24616974"]
[EventCountry "GER"]
[EventRounds "9"]
[EventType "swiss"]
[EventDate "2008.05.10"]

1. d4 Nf6 2. Nf3 d5 3. c4 c6 4. g3 Bf5 5. Nbd2 e6 6. Bg2 Bd6 7. O-O h6 8. b3
Nbd7 9. Bb2 O-O 10. Re1 Bh7 11. e4 Nxe4 12. Nxe4 Bxe4 13. Nh4 Bxg2 14. Nxg2 Re8
15. Qc2 Nf6 16. Re2 Ne4 17. f4 f5 18. Ne1 Rc8 19. Nd3 Qf6 20. Nf2 Qg6 21. Nxe4
fxe4 22. Rf1 Rf8 23. Bc1 c5 24. dxc5 Bxc5+ 25. Kh1 Qg4 26. Be3 d4 27. Bxd4 Bxd4
28. Qxe4 e5 29. Ree1 Rcd8 30. Qxb7 exf4 31. Rd1 f3 32. Rd3 f2 0-1

[Event "DEM U18 2008"]
[Site "Willingen GER"]
[Date "2008.05.14"]
[Round "6"]
[White "Stips, Felix"]
[Black "Czybik, Nils Patrick"]
[Result "0-1"]
[Termination "normal"]
[Board "13"]
[WhiteElo "2095"]
[BlackElo "2072"]
[PlyCount "165"]
[WhiteFideId "825263"]
[BlackFideId "24632040"]
[EventCountry "GER"]
[EventRounds "9"]
[EventType "swiss"]
[EventDate "2008.05.10"]

1. Nf3 c5 2. c4 g6 3. d4 cxd4 4. Nxd4 Bg7 5. e4 Nc6 6. Be3 Nf6 7. Nc3 O-O 8.
Be2 d6 9. O-O Bd7 10. Qd2 Nxd4 11. Bxd4 Bc6 12. f3 Nd7 13. Be3 a5 14. b3 Nc5
15. Rab1 Qb6 16. Rfc1 Rfc8 17. Rc2 Qd8 18. Bf1 Qf8 19. a3 Bf6 20. b4 axb4 21.
axb4 Na4 22. Nd5 Bxd5 23. exd5 Qg7 24. Kh1 Nc3 25. Rbc1 Ra3 26. Bh6 Qh8 27. Bg5
Na4 28. Bxf6 Qxf6 29. c5 dxc5 30. bxc5 Ra1 31. c6 bxc6 32. dxc6 Rxc1 33. Qxc1
Rc7 34. h3 Nb6 35. Bb5 Nd5 36. Qd2 e6 37. Ra2 Kg7 38. Rc2 Qe5 39. Kg1 Ra7 40.
Rc1 h5 41. Bc4 Ne7 42. Qc3 Nxc6 43. Bxe6 Nd4 44. Bc4 Kh7 45. Kh1 Qf4 46. Re1
Nf5 47. Bd5 Rc7 48. Qe5 Qxe5 49. Rxe5 Rc1+ 50. Kh2 h4 51. Re4 Kg7 52. Bb7 g5
53. Rg4 f6 54. Bd5 Ne3 55. Rd4 Nf1+ 56. Kg1 Ng3+ 57. Kf2 Rc2+ 58. Ke1 Re2+ 59.
Kd1 Rxg2 60. f4 Rh2 61. fxg5 fxg5 62. Be6 Kf6 63. Bg4 Ke5 64. Rb4 Ne4 65. Rb5+
Kf4 66. Rf5+ Kg3 67. Rf3+ Kg2 68. Ke1 Rh1+ 69. Ke2 Ng3+ 70. Ke3 Re1+ 71. Kd2
Rh1 72. Ke3 Re1+ 73. Kd2 Rf1 74. Rxf1 Nxf1+ 75. Kd3 Kg3 76. Ke4 Nh2 77. Bc8 Nf3
78. Bg4 Ng1 79. Kf5 Nxh3 80. Bh5 Nf4 81. Bg4 h3 82. Bxh3 Nxh3 83. Kg6 0-1

[Event "DEM U18 2008"]
[Site "Willingen GER"]
[Date "2008.05.15"]
[Round "7"]
[White "Lichmann, Peter"]
[Black "Baldauf, Marco"]
[Result "1-0"]
[Termination "normal"]
[Board "1"]
[WhiteElo "2355"]
[BlackElo "2240"]
[PlyCount "47"]
[WhiteFideId "14111268"]
[BlackFideId "4688210"]
[EventCountry "GER"]
[EventRounds "9"]
[EventType "swiss"]
[EventDate "2008.05.10"]

1. d4 d5 2. c4 c6 3. Nf3 Nf6 4. Nc3 a6 5. e3 b5 6. b3 Bg4 7. Be2 e6 8. O-O Nbd7
9. Bb2 Bd6 10. h3 Bh5 11. a4 b4 12. Na2 Qb8 13. Nc1 O-O 14. Nd3 Qb7 15. c5 Bc7
16. a5 Rfe8 17. Ra4 e5 18. Nfxe5 Bxe2 19. Qxe2 Bxe5 20. dxe5 Ne4 21. Qc2 Qc7
22. f3 Nc3 23. Rxb4 Nb5 24. Rg4 1-0

[Event "DEM U18 2008"]
[Site "Willingen GER"]
[Date "2008.05.15"]
[Round "7"]
[White "Borrink, Jörn"]
[Black "Rudolf, Sebastian"]
[Result "0-1"]
[Termination "normal"]
[Board "2"]
[WhiteElo "2071"]
[BlackElo "2132"]
[PlyCount "78"]
[WhiteFideId "24629359"]
[BlackFideId "24609390"]
[EventCountry "GER"]
[EventRounds "9"]
[EventType "swiss"]
[EventDate "2008.05.10"]

1. e4 c5 2. Nf3 Nc6 3. d4 cxd4 4. Nxd4 Nf6 5. Nc3 d6 6. Bg5 e6 7. Be2 a6 8. f4
Be7 9. Bf3 e5 10. Nxc6 bxc6 11. Qd3 O-O 12. O-O-O exf4 13. Bxf4 Ne8 14. h4 Be6
15. h5 Qa5 16. Bd2 Bg5 17. Bxg5 Qxg5+ 18. Qd2 Qe5 19. Qd4 f6 20. Qxe5 fxe5 21.
b3 Kf7 22. Na4 Ke7 23. c4 Nc7 24. Rhe1 c5 25. Rf1 Rf4 26. Kd2 Raf8 27. Nc3 Bd7
28. Ke3 Bc6 29. Ne2 R4f6 30. Ng3 Bd7 31. Be2 Rxf1 32. Rxf1 Rxf1 33. Bxf1 Kf6
34. a3 a5 35. Be2 Na6 36. Nh1 Kg5 37. Nf2 Nb8 38. Kf3 Kxh5 39. g4+ Kh4 0-1

[Event "DEM U18 2008"]
[Site "Willingen GER"]
[Date "2008.05.15"]
[Round "7"]
[White "Dinger, Florian"]
[Black "Dann, Matthias"]
[Result "1-0"]
[Termination "normal"]
[Board "4"]
[WhiteTitle "FM"]
[WhiteElo "2340"]
[BlackElo "2147"]
[PlyCount "89"]
[WhiteFideId "24605573"]
[BlackFideId "24638056"]
[EventCountry "GER"]
[EventRounds "9"]
[EventType "swiss"]
[EventDate "2008.05.10"]

1. e4 e6 2. d4 d5 3. Nc3 Bb4 4. e5 Ne7 5. a3 Bxc3+ 6. bxc3 c5 7. Nf3 Bd7 8. h4
Ba4 9. h5 h6 10. Bd3 Qc7 11. Bd2 Nd7 12. Rh4 c4 13. Be2 f6 14. Bf4 Qa5 15. Qd2
O-O-O 16. Rh3 g5 17. hxg6 Nxg6 18. Bh2 fxe5 19. Nxe5 Ngxe5 20. Bxe5 Nxe5 21.
dxe5 Rhg8 22. g4 Qb6 23. Rxh6 Rdf8 24. Rf6 Qb2 25. Rd1 Re8 26. g5 Qxa3 27. Bh5
Qe7 28. Bxe8 Bxe8 29. Qf4 a5 30. Qg4 Bd7 31. Kd2 a4 32. g6 Rg7 33. Rh1 Kc7 34.
Rh8 a3 35. Ra8 b6 36. Qh3 Qc5 37. Qe3 Qe7 38. Qh6 d4 39. Qh8 dxc3+ 40. Kxc3 Qc5
41. Qb8+ Kc6 42. Qd6+ Qxd6 43. exd6 b5 44. Kb4 Kxd6 45. Rf7 1-0

[Event "DEM U18 2008"]
[Site "Willingen GER"]
[Date "2008.05.15"]
[Round "7"]
[White "Zeldin, Leonid"]
[Black "Beck, Frederik"]
[Result "0-1"]
[Termination "normal"]
[Board "5"]
[BlackTitle "FM"]
[WhiteElo "2068"]
[BlackElo "2315"]
[PlyCount "56"]
[WhiteFideId "24636088"]
[BlackFideId "4687388"]
[EventCountry "GER"]
[EventRounds "9"]
[EventType "swiss"]
[EventDate "2008.05.10"]

1. e4 c5 2. Nf3 e6 3. d4 cxd4 4. Nxd4 a6 5. Bd3 Qc7 6. O-O Nc6 7. Nxc6 dxc6 8.
Nd2 e5 9. Nc4 b5 10. Ne3 Bc5 11. a4 Rb8 12. axb5 axb5 13. Bd2 Be6 14. Qe2 Nf6
15. b4 Bd4 16. c3 Bb6 17. c4 Bd4 18. Rab1 O-O 19. Nc2 bxc4 20. Bxc4 Bxc4 21.
Qxc4 Nxe4 22. Nxd4 Nxd2 23. Qxc6 Rfc8 24. Qxc7 Rxc7 25. Nf3 Nxb1 26. Rxb1 Rxb4
27. Rd1 f6 28. g3 Rb2 0-1

[Event "DEM U18 2008"]
[Site "Willingen GER"]
[Date "2008.05.15"]
[Round "7"]
[White "Tereick, Benjamin"]
[Black "Savchenko, Aleksij"]
[Result "0-1"]
[Termination "normal"]
[Board "6"]
[WhiteTitle "FM"]
[WhiteElo "2379"]
[BlackElo "2163"]
[PlyCount "48"]
[WhiteFideId "24607541"]
[BlackFideId "24611727"]
[EventCountry "GER"]
[EventRounds "9"]
[EventType "swiss"]
[EventDate "2008.05.10"]

1. c4 e5 2. Nc3 Nf6 3. Nf3 Nc6 4. a3 d5 5. cxd5 Nxd5 6. Qc2 Be6 7. e4 Nb6 8.
Bb5 Qd6 9. d3 Be7 10. Be3 O-O 11. Na4 Nd4 12. Bxd4 exd4 13. Nxb6 Qxb6 14. Bc4
Bg4 15. Nd2 Qh6 16. Nb3 Rad8 17. h3 Kh8 18. e5 Bg5 19. O-O Bf4 20. Rfe1 Bf5 21.
Qe2 Bxh3 22. gxh3 Qxh3 23. Qc2 Bh2+ 24. Kh1 Bxe5+ 0-1

[Event "DEM U18 2008"]
[Site "Willingen GER"]
[Date "2008.05.15"]
[Round "7"]
[White "Sergin, Mark"]
[Black "Schlötzer, Waldemar"]
[Result "1/2-1/2"]
[Termination "normal"]
[Board "7"]
[WhiteElo "2186"]
[BlackElo "2268"]
[PlyCount "43"]
[WhiteFideId "24615307"]
[BlackFideId "24602140"]
[EventCountry "GER"]
[EventRounds "9"]
[EventType "swiss"]
[EventDate "2008.05.10"]

1. e4 c5 2. Nf3 Nc6 3. d4 cxd4 4. Nxd4 Nf6 5. Nc3 e6 6. Ndb5 Bb4 7. a3 Bxc3+ 8.
Nxc3 d5 9. exd5 exd5 10. Bd3 O-O 11. O-O d4 12. Ne2 Qd5 13. Nf4 Qd6 14. Bd2 Bg4
15. f3 Bd7 16. Qe1 Rfe8 17. Qf2 Ne5 18. Ne2 Nxd3 19. cxd3 Bf5 20. Nxd4 Bxd3 21.
Rfd1 Rad8 22. Bc3 1/2-1/2

[Event "DEM U18 2008"]
[Site "Willingen GER"]
[Date "2008.05.15"]
[Round "7"]
[White "Poetsch, Hagen"]
[Black "Wendling, Hannes"]
[Result "1-0"]
[Termination "normal"]
[Board "8"]
[WhiteElo "2267"]
[BlackElo "2127"]
[PlyCount "55"]
[WhiteFideId "24615137"]
[BlackFideId "24624284"]
[EventCountry "GER"]
[EventRounds "9"]
[EventType "swiss"]
[EventDate "2008.05.10"]

1. e4 c5 2. Nf3 d6 3. d4 cxd4 4. Nxd4 Nf6 5. Nc3 a6 6. Bg5 e6 7. f4 h6 8. Bh4
Be7 9. Qf3 Qc7 10. O-O-O Nbd7 11. Be2 g5 12. fxg5 Ne5 13. Qg3 Rg8 14. Kb1 Nh7
15. Qf2 hxg5 16. Bg3 Bd7 17. Rhf1 Nf6 18. h4 gxh4 19. Bxh4 Rg6 20. g4 O-O-O 21.
g5 Nh7 22. Bh5 Rg7 23. Nf5 exf5 24. Nd5 Qc5 25. Nxe7+ Kb8 26. Qxc5 dxc5 27.
Nxf5 Rdg8 28. Bg3 1-0

[Event "DEM U18 2008"]
[Site "Willingen GER"]
[Date "2008.05.15"]
[Round "7"]
[White "Müller, Reinhold"]
[Black "Denisow, Jewgeny"]
[Result "0-1"]
[Termination "normal"]
[Board "9"]
[WhiteElo "2172"]
[BlackElo "2076"]
[PlyCount "116"]
[WhiteFideId "24605875"]
[BlackFideId "24631116"]
[EventCountry "GER"]
[EventRounds "9"]
[EventType "swiss"]
[EventDate "2008.05.10"]

1. d4 Nf6 2. c4 d6 3. Nc3 g6 4. e4 Bg7 5. f4 O-O 6. Nf3 Na6 7. Be2 e5 8. O-O
exd4 9. Nxd4 Nc5 10. Bf3 Re8 11. Re1 a5 12. Nb3 Nxb3 13. axb3 c6 14. Be3 Qc7
15. h3 b6 16. Qd2 Bb7 17. Rad1 Rad8 18. g4 Bf8 19. Qf2 Nd7 20. Na4 Nc5 21. Nxc5
bxc5 22. Rd3 Ba6 23. Ra1 Ra8 24. Bd2 Bc8 25. Bc3 Bg7 26. Bxg7 Kxg7 27. Qd2 Rd8
28. e5 d5 29. cxd5 cxd5 30. Bxd5 Bb7 31. Rd1 Rab8 32. Qc3 Qb6 33. e6+ f6 34. g5
c4+ 35. Re3 Rxd5 36. Rxd5 Bxd5 37. gxf6+ Kf8 38. e7+ Kf7 39. bxc4 Ba8 40. Qe5
Qc6 41. Re2 Re8 42. Qxa5 Qxf6 43. Qa7 Bc6 44. Qc5 Bd7 45. Kg2 Rxe7 46. Rxe7+
Qxe7 47. Qxe7+ Kxe7 48. b4 Kd6 49. Kg3 Be6 50. c5+ Kc6 51. h4 Kb5 52. Kf3 Kxb4
53. c6 Kc5 54. Ke4 Kxc6 55. Ke5 Bf5 56. h5 Kd7 57. Kf6 Ke8 58. h6 Kf8 0-1

[Event "DEM U18 2008"]
[Site "Willingen GER"]
[Date "2008.05.15"]
[Round "7"]
[White "Glantz, Robert"]
[Black "Czybik, Nils Patrick"]
[Result "1/2-1/2"]
[Termination "normal"]
[Board "10"]
[WhiteElo "2101"]
[BlackElo "2072"]
[PlyCount "106"]
[WhiteFideId "24629596"]
[BlackFideId "24632040"]
[EventCountry "GER"]
[EventRounds "9"]
[EventType "swiss"]
[EventDate "2008.05.10"]

1. e4 c5 2. Nf3 d6 3. d4 cxd4 4. Nxd4 Nf6 5. Nc3 a6 6. Bg5 e6 7. f4 Nc6 8. e5
h6 9. Bh4 g5 10. Bf2 dxe5 11. Nxc6 Qxd1+ 12. Rxd1 bxc6 13. fxe5 Nd7 14. Be2 Bg7
15. O-O Bxe5 16. Bf3 Bb7 17. Ne4 O-O-O 18. Bh5 Rdf8 19. Nd6+ Bxd6 20. Rxd6 Nf6
21. Bd4 Nxh5 22. Bxh8 f6 23. Bxf6 Nf4 24. Rxf4 gxf4 25. Rxe6 c5 26. Kf2 Rg8 27.
g3 fxg3+ 28. hxg3 Rg6 29. Re8+ Kd7 30. Re7+ Kc6 31. Be5 Kb6 32. Ke3 Bd5 33. b3
Rg4 34. c4 Bc6 35. Bf4 Rg6 36. Bc7+ Kb7 37. Be5+ Kb6 38. Kf4 h5 39. Rg7 Rxg7
40. Bxg7 Bg2 41. Bf8 Kc6 42. Ke3 Bh3 43. Kd3 Bf5+ 44. Kc3 Bg4 45. Kb2 Bf5 46.
Ka3 Bb1 47. Kb2 Bf5 48. Kc3 Bg6 49. a3 Bf5 50. Be7 Bg4 51. b4 cxb4+ 52. Kxb4
Be2 53. a4 Bf1 1/2-1/2

[Event "DEM U18 2008"]
[Site "Willingen GER"]
[Date "2008.05.15"]
[Round "7"]
[White "Daug, Jörn-Henning"]
[Black "Wagner, Florian"]
[Result "0-1"]
[Termination "normal"]
[Board "11"]
[WhiteElo "1734"]
[BlackElo "2183"]
[PlyCount "54"]
[WhiteFideId "24616974"]
[BlackFideId "4698118"]
[EventCountry "GER"]
[EventRounds "9"]
[EventType "swiss"]
[EventDate "2008.05.10"]

1. d4 g6 2. c4 Bg7 3. Nc3 d6 4. e4 e5 5. d5 f5 6. Bd3 Nf6 7. f3 O-O 8. Be3 c5
9. Nge2 Na6 10. Qd2 Nc7 11. O-O f4 12. Bf2 h5 13. Rab1 g5 14. b4 b6 15. a4 Na6
16. Na2 g4 17. Be1 Bh6 18. Rb3 Rf7 19. Kh1 Rg7 20. Ng1 Nh7 21. Bc2 g3 22. Bxg3
Rxg3 23. hxg3 fxg3 24. Qe2 Qh4+ 25. Nh3 Ng5 26. Kg1 Bxh3 27. gxh3 Nxh3+ 0-1

[Event "DEM U18 2008"]
[Site "Willingen GER"]
[Date "2008.05.15"]
[Round "7"]
[White "Heyder, Florian"]
[Black "Holgert, Michael"]
[Result "1-0"]
[Termination "normal"]
[Board "12"]
[WhiteElo "2067"]
[BlackElo "2004"]
[PlyCount "99"]
[BlackFideId "24668990"]
[EventCountry "GER"]
[EventRounds "9"]
[EventType "swiss"]
[EventDate "2008.05.10"]

1. e4 c5 2. Nf3 e6 3. d4 cxd4 4. Nxd4 a6 5. Bd3 Qc7 6. O-O Nf6 7. Qe2 d6 8. c4
Nc6 9. Nxc6 Qxc6 10. Nc3 Be7 11. Kh1 Qc7 12. f4 Nd7 13. Bd2 b6 14. Rae1 Bb7 15.
Bb1 Rc8 16. b3 e5 17. Nd5 Bxd5 18. exd5 g6 19. f5 g5 20. f6 Nxf6 21. Bxg5 Ng8
22. Bd2 h5 23. Qf3 Bf6 24. b4 Qe7 25. Rc1 Rc7 26. Be3 Bg5 27. Rc3 Bxe3 28. Qxe3
Nf6 29. Qxb6 Nxd5 30. Qb8+ Qd8 31. Qxd8+ Kxd8 32. Rd3 Nxb4 33. Rxd6+ Kc8 34.
Bf5+ Kb7 35. Rb1 Rxc4 36. a3 a5 37. axb4 Rxb4 38. Rxb4+ axb4 39. Rd5 Ra8 40.
Rb5+ Kc7 41. Rxb4 Kd6 42. h4 Ke7 43. Be4 Rh8 44. Kg1 Kf6 45. Rb6+ Kg7 46. Kf2
Rd8 47. Rb4 Rd6 48. Ke3 Rf6 49. Bf3 Rh6 50. Rb5 1-0

[Event "DEM U18 2008"]
[Site "Willingen GER"]
[Date "2008.05.15"]
[Round "7"]
[White "Farmani Anosheh, Armin"]
[Black "Stips, Felix"]
[Result "1/2-1/2"]
[Termination "normal"]
[Board "13"]
[WhiteElo "2168"]
[BlackElo "2095"]
[PlyCount "92"]
[WhiteFideId "24613240"]
[BlackFideId "825263"]
[EventCountry "GER"]
[EventRounds "9"]
[EventType "swiss"]
[EventDate "2008.05.10"]

1. e4 c5 2. Nf3 d6 3. Bb5+ Bd7 4. Bxd7+ Qxd7 5. c4 Nf6 6. Nc3 Nc6 7. O-O g6 8.
d4 cxd4 9. Nxd4 Nxd4 10. Qxd4 Bg7 11. f3 O-O 12. Qd3 Rfc8 13. Be3 h5 14. Rac1
Kh7 15. Rfd1 Qc6 16. b3 Bh6 17. Bxh6 Kxh6 18. Qe3+ Kg7 19. Nd5 Nxd5 20. exd5
Qc5 21. Re1 Kf8 22. Kf1 Qxe3 23. Rxe3 b5 24. Rec3 bxc4 25. Rxc4 Rxc4 26. Rxc4
Ke8 27. Ke2 Kd7 28. Kd3 e6 29. Kd4 exd5 30. Kxd5 Re8 31. Ra4 a5 32. f4 Re2 33.
Rxa5 Rd2+ 34. Ke4 Rxg2 35. h4 Rh2 36. b4 Rxh4 37. b5 Rh2 38. f5 Kc7 39. a4 Kb7
40. Ra6 Ra2 41. fxg6 fxg6 42. Kd5 h4 43. a5 h3 44. Rb6+ Ka7 45. Ra6+ Kb7 46.
Rb6+ Ka7 1/2-1/2

[Event "DEM U18 2008"]
[Site "Willingen GER"]
[Date "2008.05.16"]
[Round "8"]
[White "Beck, Frederik"]
[Black "Lichmann, Peter"]
[Result "1/2-1/2"]
[Termination "normal"]
[Board "1"]
[WhiteTitle "FM"]
[WhiteElo "2315"]
[BlackElo "2355"]
[PlyCount "89"]
[WhiteFideId "4687388"]
[BlackFideId "14111268"]
[EventCountry "GER"]
[EventRounds "9"]
[EventType "swiss"]
[EventDate "2008.05.10"]

1. e4 c5 2. Nf3 g6 3. d4 Bg7 4. Nc3 cxd4 5. Nxd4 Nc6 6. Nde2 Nf6 7. g3 O-O 8.
Bg2 d6 9. O-O Be6 10. Nd5 Rc8 11. a4 Nd7 12. c3 Na5 13. Rb1 Nb6 14. Ra1 Nxd5
15. exd5 Bf5 16. Be3 Nc4 17. Qc1 Nxe3 18. Qxe3 Qb6 19. Qxb6 axb6 20. Rfe1 Ra8
21. Ra3 Rfc8 22. Rb3 Rxa4 23. Rxb6 Rc7 24. f4 h5 25. Kf2 Bf6 26. Ke3 Kg7 27.
Rd1 g5 28. fxg5 Bxg5+ 29. Kf2 Bf6 30. Bf3 Kh6 31. Ke3 Bg5+ 32. Kf2 Bf6 33. Ke3
Bc2 34. Rd2 Bg5+ 35. Nf4 Bf5 36. h4 Bxf4+ 37. gxf4 Bg4 38. Bg2 Kg6 39. Be4+ Kf6
40. Rd4 Rxd4 41. Kxd4 Bf5 42. Bf3 Bg4 43. Be4 Bf5 44. Bf3 Bg4 45. Be4 1/2-1/2

[Event "DEM U18 2008"]
[Site "Willingen GER"]
[Date "2008.05.16"]
[Round "8"]
[White "Baldauf, Marco"]
[Black "Dinger, Florian"]
[Result "0-1"]
[Termination "normal"]
[Board "2"]
[BlackTitle "FM"]
[WhiteElo "2240"]
[BlackElo "2340"]
[PlyCount "110"]
[WhiteFideId "4688210"]
[BlackFideId "24605573"]
[EventCountry "GER"]
[EventRounds "9"]
[EventType "swiss"]
[EventDate "2008.05.10"]

1. d4 Nf6 2. Nf3 e6 3. c4 b6 4. g3 Ba6 5. b3 Bb4+ 6. Bd2 Be7 7. Bg2 c6 8. Bc3
d5 9. Ne5 Nfd7 10. Nxd7 Nxd7 11. Nd2 O-O 12. O-O f5 13. Rc1 Rc8 14. Nf3 Bb7 15.
Bb2 Bd6 16. Rc2 Qe7 17. e3 a5 18. Ne1 b5 19. cxd5 cxd5 20. Nd3 b4 21. Qd2 Rxc2
22. Qxc2 Rc8 23. Qd2 Ba6 24. Rc1 Rxc1+ 25. Nxc1 Qd8 26. Qc2 Qc7 27. Qxc7 Bxc7
28. Bf1 Bxf1 29. Kxf1 Bd6 30. Nd3 g5 31. Ne5 Bxe5 32. dxe5 g4 33. Bd4 Kf7 34.
Kg2 h5 35. f3 Kg6 36. f4 Kf7 37. Kf2 Ke8 38. Ke2 Kd8 39. Ke1 Kc7 40. Kd2 Kc6
41. Kd3 Kb5 42. Ba7 Ka6 43. Bd4 Nb8 44. Kd2 Kb5 45. Kc2 Nc6 46. Kd3 a4 47. Kd2
Ne7 48. Kd3 Ng6 49. Ke2 h4 50. Ke1 h3 51. Kf2 axb3 52. axb3 Kc6 53. Kf1 Ne7 54.
Ke2 Kb5 55. Kd2 Ng6 0-1

[Event "DEM U18 2008"]
[Site "Willingen GER"]
[Date "2008.05.16"]
[Round "8"]
[White "Borrink, Jörn"]
[Black "Carlstedt, Jonathan"]
[Result "0-1"]
[Termination "normal"]
[Board "4"]
[WhiteElo "2071"]
[BlackElo "2179"]
[PlyCount "98"]
[WhiteFideId "24629359"]
[BlackFideId "24614386"]
[EventCountry "GER"]
[EventRounds "9"]
[EventType "swiss"]
[EventDate "2008.05.10"]

1. e4 c5 2. Nf3 Nf6 3. Nc3 d5 4. exd5 Nxd5 5. Bb5+ Bd7 6. Ne5 Bxb5 7. Qf3 f6 8.
Nxb5 Na6 9. Qh5+ g6 10. Nxg6 hxg6 11. Qxh8 Qd7 12. Nc3 Qe6+ 13. Kf1 Nab4 14.
Qh3 Qxh3 15. gxh3 Nc7 16. d3 Nxc2 17. Rb1 Rd8 18. Be3 b6 19. Rd1 e5 20. Rd2 Nd4
21. Bxd4 Rxd4 22. Rg1 Kf7 23. Rg4 Rd7 24. a3 f5 25. Rg1 Ne6 26. Rd1 Nd4 27. Ne2
Nb3 28. Nc1 Nd4 29. Ne2 Nf3 30. Rg3 e4 31. Rxf3 exf3 32. Ng1 Bg7 33. b3 b5 34.
Nxf3 c4 35. bxc4 bxc4 36. d4 Ke6 37. Ke2 Kd5 38. Ne5 Rb7 39. Nxg6 Rb2+ 40. Kf3
c3 41. Nf4+ Kc4 42. d5 c2 43. Rc1 Kc3 44. d6 Kd2 45. d7 Rb3+ 46. Kg2 Rb8 47.
Rg1 Bf6 48. Kf3 Rb3+ 49. Kg2 Rb1 0-1